000 00760nam a2200253 i 4500
001 bg
100 1 _aREDELBACH, Andrzej
245 1 0 _aStrasbourg bliżej :
_bskargi indywidualne do Europejskiej Komisji Praw Człowieka /
_cAndrzej Redelbach.
260 _aPoznań :
_b"Ars boni et aequi",
_c1996.
300 _a200 s. ;
_c22 cm.
610 2 9 _aRada Europy
650 9 _aOrganizacje międzynarodowe
_zEuropa
650 9 _aPrawa człowieka
_zEuropa
650 9 _aSkargi i zażalenia
_zEuropa
655 _aPodręczniki akademickie
015 _aPB 10813/99
020 _a8387148008
040 _cBPK
041 0 _apol
080 _a341.231.14:061.1](4)(075.8)
920 _a83-87148-00-8
942 _cKS
008 s pl f |000 0 pol
999 _c46613
_d46613
856 _uhttp://koha.tu.koszalin.pl/cgi-bin/koha/opac-detail.pl?biblionumber=46613
_yKatalog online BPK